Estadísticas para Capitales mundiales por letra - A

Haz click aquí para tomar la prueba!

Estadísticas generales

  • Esta prueba ha sido tomada 2.707 veces
    (1.296 desde el último reinicio)
  • La puntuación promedio es 10 de 15

Estadísticas de respuestas

PaísCiudad capital% Correcto
ParaguayAsunción
91%
Países BajosÁmsterdam
84%
GreciaAtenas
80%
AndorraAndorra la Vieja
79%
TurquíaAnkara
76%
ArgeliaArgel
73%
MadagascarAntananarivo
65%
EtiopíaAdís Abeba
64%
JordaniaAmán
62%
GhanaAcra
61%
NigeriaAbuya
58%
Emiratos Árabes UnidosAbu Dhabi
55%
SamoaApia
53%
EritreaAsmara
50%
TurkmenistánAsjabad
42%

Distribución de puntuación

Porcentaje por número respondido

Porcentaje de gente con cada puntuación

Historial de tus puntuaciones

No has tomado esta prueba desde el último reinicio